Austria centenary stamp exhibition : (Record no. 2121)

000 -LEADER
fixed length control field 00655nam a2200145 a 4500
008 - FIXED-LENGTH DATA ELEMENTS--GENERAL INFORMATION
fixed length control field 940722s1950 pauac c 000 0 eng d
100 ## - MAIN ENTRY--AUTHOR'S NAME
Author's Name National Philatelic Museum
245 10 - TITLE STATEMENT
Title Austria centenary stamp exhibition :
Remainder of title March 18 to April 13, 1950 /
Statement of responsibility, etc. held under the auspices of the Austria Philatelic Society ; sponsored by His Excellency, Ludwig Kleinwaechter ... [et al.].
260 ## - PUBLICATION, DISTRIBUTION, ETC. (IMPRINT)
Place of publication, distribution, etc. Phila., Pa. :
Name of publisher, distributor, etc. National Philatelic Museum,
Date of publication, distribution, etc. [1950]
490 0# - SERIES STATEMENT
Series statement Official bulletin / National Philatelic Museum ;
Volume/sequential designation v. 2, no. 3
500 ## - GENERAL NOTE
General note Cover title: Austria.
650 #0 - TOPICAL TERM (Tag)
Topical term or geographic name Postage stamps
Geographic subdivision Austria
700 1# - SECONDARY AUTHOR, EDITOR OR ILLUSTRATOR
Personal Name Kleinwaechter, Ludwig.
Holdings
Withdrawn status Lost status Source of classification or shelving scheme Damaged status Koha normalized classification for sorting Not for loan Collection code Permanent Location Current Location Shelving location Date acquired Total Checkouts Full call number Barcode Date last seen Price effective from Koha item type
        P3200 A11 N27774     Northern Philatelic Library Northern Philatelic Library Bound Periodicals 11/19/2016   P3200 A11 N27774 1002463 11/19/2016 11/19/2016 Periodicals

Powered by Koha